000 00553nam a22001817a 4500
005 20251108164308.0
008 250721s1992 xx 000 0 ara d
082 1 4 _a355.0330956/مسل
100 1 _aمسلم، طلعت أحمد
245 1 0 _aحرب الخليج و الأمن القومي /
264 1 _aليماسول :
_bدار الملتقى للنشر،
_c1992.
300 _a118ص.
650 1 7 _aالأمن القومي
650 1 7 _aالبلدان العربية
650 1 7 _aحرب الخليج 1991
942 _2ddc
_cBK
999 _c8615
_d8615